<?xml version="1.0" encoding="UTF-8"?>
<collection xmlns="http://www.loc.gov/MARC21/slim">
 <record>
  <leader>07429cam a2201369   4500</leader>
  <controlfield tag="001">367462001</controlfield>
  <controlfield tag="003">DE-627</controlfield>
  <controlfield tag="005">20250211205305.0</controlfield>
  <controlfield tag="007">tu</controlfield>
  <controlfield tag="008">030807s2003    gw ||||| c    00| ||ger c</controlfield>
  <datafield tag="015" ind1=" " ind2=" ">
   <subfield code="a">03,N22,0822</subfield>
   <subfield code="2">dnb</subfield>
  </datafield>
  <datafield tag="015" ind1=" " ind2=" ">
   <subfield code="a">03,A37,0981</subfield>
   <subfield code="2">dnb</subfield>
  </datafield>
  <datafield tag="016" ind1="7" ind2=" ">
   <subfield code="a">967475066</subfield>
   <subfield code="2">DE-101</subfield>
  </datafield>
  <datafield tag="020" ind1=" " ind2=" ">
   <subfield code="a">386502081X</subfield>
   <subfield code="c">(CD-ROM)</subfield>
   <subfield code="9">3-86502-081-X</subfield>
  </datafield>
  <datafield tag="020" ind1=" " ind2=" ">
   <subfield code="a">9783865020772</subfield>
   <subfield code="9">978-3-86502-077-2</subfield>
  </datafield>
  <datafield tag="020" ind1=" " ind2=" ">
   <subfield code="a">3865020771</subfield>
   <subfield code="c">(Buchhandelsausg. mit CD-ROM)</subfield>
   <subfield code="9">3-86502-077-1</subfield>
  </datafield>
  <datafield tag="020" ind1=" " ind2=" ">
   <subfield code="a">3865020801</subfield>
   <subfield code="c">(Museumsausg.)</subfield>
   <subfield code="9">3-86502-080-1</subfield>
  </datafield>
  <datafield tag="020" ind1=" " ind2=" ">
   <subfield code="a">3865020828</subfield>
   <subfield code="c">(Museumsausg. mit CD-ROM)</subfield>
   <subfield code="9">3-86502-082-8</subfield>
  </datafield>
  <datafield tag="020" ind1=" " ind2=" ">
   <subfield code="a">9783865020826</subfield>
   <subfield code="c">(Museumsausg. mit CD-ROM)</subfield>
   <subfield code="9">978-3-86502-082-6</subfield>
  </datafield>
  <datafield tag="024" ind1="3" ind2=" ">
   <subfield code="a">9783865020772</subfield>
  </datafield>
  <datafield tag="035" ind1=" " ind2=" ">
   <subfield code="a">(DE-627)367462001</subfield>
  </datafield>
  <datafield tag="035" ind1=" " ind2=" ">
   <subfield code="a">(DE-576)105221783</subfield>
  </datafield>
  <datafield tag="035" ind1=" " ind2=" ">
   <subfield code="a">(DE-599)GBV367462001</subfield>
  </datafield>
  <datafield tag="035" ind1=" " ind2=" ">
   <subfield code="a">(OCoLC)237810955</subfield>
  </datafield>
  <datafield tag="035" ind1=" " ind2=" ">
   <subfield code="a">(OCoLC)52869506</subfield>
  </datafield>
  <datafield tag="035" ind1=" " ind2=" ">
   <subfield code="a">(OCoLC)1078711138</subfield>
  </datafield>
  <datafield tag="040" ind1=" " ind2=" ">
   <subfield code="a">DE-627</subfield>
   <subfield code="b">ger</subfield>
   <subfield code="c">DE-627</subfield>
   <subfield code="e">rakwb</subfield>
  </datafield>
  <datafield tag="041" ind1=" " ind2=" ">
   <subfield code="a">ger</subfield>
  </datafield>
  <datafield tag="044" ind1=" " ind2=" ">
   <subfield code="c">XA-DE-SN</subfield>
  </datafield>
  <datafield tag="050" ind1=" " ind2="0">
   <subfield code="a">N6889</subfield>
  </datafield>
  <datafield tag="084" ind1=" " ind2=" ">
   <subfield code="a">02</subfield>
   <subfield code="2">sdnb</subfield>
  </datafield>
  <datafield tag="084" ind1=" " ind2=" ">
   <subfield code="a">46</subfield>
   <subfield code="2">sdnb</subfield>
  </datafield>
  <datafield tag="084" ind1=" " ind2=" ">
   <subfield code="a">9,11</subfield>
   <subfield code="2">ssgn</subfield>
  </datafield>
  <datafield tag="084" ind1=" " ind2=" ">
   <subfield code="a">LH 30790</subfield>
   <subfield code="2">rvk</subfield>
   <subfield code="0">(DE-625)rvk/92989:</subfield>
  </datafield>
  <datafield tag="084" ind1=" " ind2=" ">
   <subfield code="a">LK 10350</subfield>
   <subfield code="2">rvk</subfield>
   <subfield code="0">(DE-625)rvk/97500:13104</subfield>
  </datafield>
  <datafield tag="084" ind1=" " ind2=" ">
   <subfield code="a">LK 10357</subfield>
   <subfield code="2">rvk</subfield>
   <subfield code="0">(DE-625)rvk/97500:13111</subfield>
  </datafield>
  <datafield tag="084" ind1=" " ind2=" ">
   <subfield code="a">20.00</subfield>
   <subfield code="2">bkl</subfield>
  </datafield>
  <datafield tag="084" ind1=" " ind2=" ">
   <subfield code="a">20.70</subfield>
   <subfield code="2">bkl</subfield>
  </datafield>
  <datafield tag="084" ind1=" " ind2=" ">
   <subfield code="a">15.43</subfield>
   <subfield code="2">bkl</subfield>
  </datafield>
  <datafield tag="084" ind1=" " ind2=" ">
   <subfield code="a">21.50</subfield>
   <subfield code="2">bkl</subfield>
  </datafield>
  <datafield tag="084" ind1=" " ind2=" ">
   <subfield code="a">21.00</subfield>
   <subfield code="2">bkl</subfield>
  </datafield>
  <datafield tag="245" ind1="1" ind2="0">
   <subfield code="a">Kunst in der DDR</subfield>
   <subfield code="b">Katalog der Gemälde und Skulpturen</subfield>
   <subfield code="c">Nationalgalerie Berlin. [Hrsg. von Fritz Jacobi ...]</subfield>
  </datafield>
  <datafield tag="246" ind1="3" ind2="3">
   <subfield code="a">Nationalgalerie Berlin</subfield>
  </datafield>
  <datafield tag="263" ind1=" " ind2=" ">
   <subfield code="a">Pb. : EUR 35.00, EUR AT 36.00, CHF 59.90</subfield>
  </datafield>
  <datafield tag="264" ind1=" " ind2="1">
   <subfield code="a">Leipzig</subfield>
   <subfield code="b">Seemann</subfield>
   <subfield code="c">2003</subfield>
  </datafield>
  <datafield tag="300" ind1=" " ind2=" ">
   <subfield code="a">312 S.</subfield>
   <subfield code="b">zahlr. Ill.</subfield>
   <subfield code="c">27 cm</subfield>
   <subfield code="e">1 CD-ROM (12 cm)</subfield>
  </datafield>
  <datafield tag="336" ind1=" " ind2=" ">
   <subfield code="a">Text</subfield>
   <subfield code="b">txt</subfield>
   <subfield code="2">rdacontent</subfield>
  </datafield>
  <datafield tag="337" ind1=" " ind2=" ">
   <subfield code="a">ohne Hilfsmittel zu benutzen</subfield>
   <subfield code="b">n</subfield>
   <subfield code="2">rdamedia</subfield>
  </datafield>
  <datafield tag="338" ind1=" " ind2=" ">
   <subfield code="a">Band</subfield>
   <subfield code="b">nc</subfield>
   <subfield code="2">rdacarrier</subfield>
  </datafield>
  <datafield tag="361" ind1="1" ind2=" ">
   <subfield code="5">DE-39</subfield>
   <subfield code="y">126833720X</subfield>
   <subfield code="s">B 04588</subfield>
   <subfield code="o">Vorbesitz</subfield>
   <subfield code="a">Steguweit, Wolfgang</subfield>
   <subfield code="0">(DE-588)109133854</subfield>
   <subfield code="0">(DE-627)571655009</subfield>
   <subfield code="0">(DE-576)163174350</subfield>
   <subfield code="f">Exemplar: Donator</subfield>
  </datafield>
  <datafield tag="500" ind1=" " ind2=" ">
   <subfield code="a">4. ISBN auf Verpackungsfolie aufgeklebt</subfield>
  </datafield>
  <datafield tag="538" ind1=" " ind2=" ">
   <subfield code="a">Systemvoraussetzungen der CD-ROM-Beil.: Windows 98, NT oder höhere Betriebssysteme; CPU mit 133 Mhz Taktfrequenz; 32 MB RAM (64 MB empfohlen); 30 MB Festplattenspeicher; 800 x 600 Pixel/16 Bit (minimal); CD-ROM Laufwerk; unter MS Windows NT, 2000 oder XP sind systemadministrative Rechte zur Installation der CD erforderlich.</subfield>
  </datafield>
  <datafield tag="561" ind1=" " ind2=" ">
   <subfield code="5">DE-39</subfield>
   <subfield code="3">Exemplarsatz-ID: 126833720X, Signatur: B 04588</subfield>
   <subfield code="a">Vorbesitz: Steguweit, Wolfgang ; http://d-nb.info/gnd/109133854 / Exemplar: Donator</subfield>
  </datafield>
  <datafield tag="583" ind1="1" ind2=" ">
   <subfield code="a">Archivierung/Langzeitarchivierung gewährleistet</subfield>
   <subfield code="f">PESN</subfield>
   <subfield code="x">XA-DE-SN</subfield>
   <subfield code="2">pdager</subfield>
   <subfield code="5">DE-14</subfield>
  </datafield>
  <datafield tag="610" ind1="2" ind2="4">
   <subfield code="a">Neue Nationalgalerie (Germany)</subfield>
   <subfield code="x">Catalogs</subfield>
  </datafield>
  <datafield tag="650" ind1=" " ind2="4">
   <subfield code="a">Art</subfield>
   <subfield code="x">Germany</subfield>
   <subfield code="x">Berlin</subfield>
   <subfield code="x">Catalogs</subfield>
  </datafield>
  <datafield tag="650" ind1=" " ind2="4">
   <subfield code="a">Art, German</subfield>
   <subfield code="x">20th century</subfield>
   <subfield code="x">Germany (East)</subfield>
   <subfield code="x">Art, German</subfield>
   <subfield code="x">20th century</subfield>
   <subfield code="x">Catalogs</subfield>
  </datafield>
  <datafield tag="655" ind1=" " ind2="7">
   <subfield code="a">Katalog</subfield>
   <subfield code="0">(DE-588)4163417-2</subfield>
   <subfield code="0">(DE-627)105454966</subfield>
   <subfield code="0">(DE-576)209880899</subfield>
   <subfield code="2">gnd-content</subfield>
  </datafield>
  <datafield tag="689" ind1="0" ind2="0">
   <subfield code="d">b</subfield>
   <subfield code="0">(DE-588)5014401-7</subfield>
   <subfield code="0">(DE-627)102838984</subfield>
   <subfield code="0">(DE-576)193515156</subfield>
   <subfield code="a">Nationalgalerie</subfield>
   <subfield code="g">Berlin</subfield>
   <subfield code="2">gnd</subfield>
  </datafield>
  <datafield tag="689" ind1="0" ind2="1">
   <subfield code="d">g</subfield>
   <subfield code="0">(DE-588)4011890-3</subfield>
   <subfield code="0">(DE-627)104732415</subfield>
   <subfield code="0">(DE-576)20889621X</subfield>
   <subfield code="a">Deutschland</subfield>
   <subfield code="g">DDR</subfield>
   <subfield code="2">gnd</subfield>
  </datafield>
  <datafield tag="689" ind1="0" ind2="2">
   <subfield code="d">s</subfield>
   <subfield code="0">(DE-588)4037220-0</subfield>
   <subfield code="0">(DE-627)10623871X</subfield>
   <subfield code="0">(DE-576)209022892</subfield>
   <subfield code="a">Malerei</subfield>
   <subfield code="2">gnd</subfield>
  </datafield>
  <datafield tag="689" ind1="0" ind2="3">
   <subfield code="a">z</subfield>
   <subfield code="2">gnd</subfield>
   <subfield code="a">Geschichte</subfield>
  </datafield>
  <datafield tag="689" ind1="0" ind2=" ">
   <subfield code="5">DE-101</subfield>
  </datafield>
  <datafield tag="689" ind1="1" ind2="0">
   <subfield code="d">b</subfield>
   <subfield code="0">(DE-588)5014401-7</subfield>
   <subfield code="0">(DE-627)102838984</subfield>
   <subfield code="0">(DE-576)193515156</subfield>
   <subfield code="a">Nationalgalerie</subfield>
   <subfield code="g">Berlin</subfield>
   <subfield code="2">gnd</subfield>
  </datafield>
  <datafield tag="689" ind1="1" ind2="1">
   <subfield code="d">g</subfield>
   <subfield code="0">(DE-588)4011890-3</subfield>
   <subfield code="0">(DE-627)104732415</subfield>
   <subfield code="0">(DE-576)20889621X</subfield>
   <subfield code="a">Deutschland</subfield>
   <subfield code="g">DDR</subfield>
   <subfield code="2">gnd</subfield>
  </datafield>
  <datafield tag="689" ind1="1" ind2="2">
   <subfield code="d">s</subfield>
   <subfield code="0">(DE-588)4046277-8</subfield>
   <subfield code="0">(DE-627)106198602</subfield>
   <subfield code="0">(DE-576)209068817</subfield>
   <subfield code="a">Plastik</subfield>
   <subfield code="2">gnd</subfield>
  </datafield>
  <datafield tag="689" ind1="1" ind2="3">
   <subfield code="a">z</subfield>
   <subfield code="2">gnd</subfield>
   <subfield code="a">Geschichte</subfield>
  </datafield>
  <datafield tag="689" ind1="1" ind2=" ">
   <subfield code="5">DE-101</subfield>
  </datafield>
  <datafield tag="689" ind1="2" ind2="0">
   <subfield code="d">b</subfield>
   <subfield code="0">(DE-588)5014401-7</subfield>
   <subfield code="0">(DE-627)102838984</subfield>
   <subfield code="0">(DE-576)193515156</subfield>
   <subfield code="a">Nationalgalerie</subfield>
   <subfield code="g">Berlin</subfield>
   <subfield code="2">gnd</subfield>
  </datafield>
  <datafield tag="689" ind1="2" ind2="1">
   <subfield code="d">g</subfield>
   <subfield code="0">(DE-588)4011890-3</subfield>
   <subfield code="0">(DE-627)104732415</subfield>
   <subfield code="0">(DE-576)20889621X</subfield>
   <subfield code="a">Deutschland</subfield>
   <subfield code="g">DDR</subfield>
   <subfield code="2">gnd</subfield>
  </datafield>
  <datafield tag="689" ind1="2" ind2="2">
   <subfield code="d">s</subfield>
   <subfield code="0">(DE-588)4037220-0</subfield>
   <subfield code="0">(DE-627)10623871X</subfield>
   <subfield code="0">(DE-576)209022892</subfield>
   <subfield code="a">Malerei</subfield>
   <subfield code="2">gnd</subfield>
  </datafield>
  <datafield tag="689" ind1="2" ind2="3">
   <subfield code="d">s</subfield>
   <subfield code="0">(DE-588)4020517-4</subfield>
   <subfield code="0">(DE-627)106317768</subfield>
   <subfield code="0">(DE-576)208933697</subfield>
   <subfield code="a">Geschichte</subfield>
   <subfield code="2">gnd</subfield>
  </datafield>
  <datafield tag="689" ind1="2" ind2="4">
   <subfield code="d">s</subfield>
   <subfield code="0">(DE-588)4163417-2</subfield>
   <subfield code="0">(DE-627)105454966</subfield>
   <subfield code="0">(DE-576)209880899</subfield>
   <subfield code="a">Katalog</subfield>
   <subfield code="2">gnd</subfield>
  </datafield>
  <datafield tag="689" ind1="2" ind2=" ">
   <subfield code="5">(DE-627)</subfield>
  </datafield>
  <datafield tag="689" ind1="3" ind2="0">
   <subfield code="d">b</subfield>
   <subfield code="0">(DE-588)5014401-7</subfield>
   <subfield code="0">(DE-627)102838984</subfield>
   <subfield code="0">(DE-576)193515156</subfield>
   <subfield code="a">Nationalgalerie</subfield>
   <subfield code="g">Berlin</subfield>
   <subfield code="2">gnd</subfield>
  </datafield>
  <datafield tag="689" ind1="3" ind2="1">
   <subfield code="d">g</subfield>
   <subfield code="0">(DE-588)4011890-3</subfield>
   <subfield code="0">(DE-627)104732415</subfield>
   <subfield code="0">(DE-576)20889621X</subfield>
   <subfield code="a">Deutschland</subfield>
   <subfield code="g">DDR</subfield>
   <subfield code="2">gnd</subfield>
  </datafield>
  <datafield tag="689" ind1="3" ind2="2">
   <subfield code="d">s</subfield>
   <subfield code="0">(DE-588)4046277-8</subfield>
   <subfield code="0">(DE-627)106198602</subfield>
   <subfield code="0">(DE-576)209068817</subfield>
   <subfield code="a">Plastik</subfield>
   <subfield code="2">gnd</subfield>
  </datafield>
  <datafield tag="689" ind1="3" ind2="3">
   <subfield code="d">s</subfield>
   <subfield code="0">(DE-588)4020517-4</subfield>
   <subfield code="0">(DE-627)106317768</subfield>
   <subfield code="0">(DE-576)208933697</subfield>
   <subfield code="a">Geschichte</subfield>
   <subfield code="2">gnd</subfield>
  </datafield>
  <datafield tag="689" ind1="3" ind2="4">
   <subfield code="d">s</subfield>
   <subfield code="0">(DE-588)4163417-2</subfield>
   <subfield code="0">(DE-627)105454966</subfield>
   <subfield code="0">(DE-576)209880899</subfield>
   <subfield code="a">Katalog</subfield>
   <subfield code="2">gnd</subfield>
  </datafield>
  <datafield tag="689" ind1="3" ind2=" ">
   <subfield code="5">(DE-627)</subfield>
  </datafield>
  <datafield tag="700" ind1="1" ind2=" ">
   <subfield code="a">Jacobi, Fritz Andreas</subfield>
   <subfield code="d">1944-</subfield>
   <subfield code="e">HerausgeberIn</subfield>
   <subfield code="0">(DE-588)11917135X</subfield>
   <subfield code="0">(DE-627)079967507</subfield>
   <subfield code="0">(DE-576)211490873</subfield>
   <subfield code="4">edt</subfield>
  </datafield>
  <datafield tag="710" ind1="2" ind2=" ">
   <subfield code="a">Nationalgalerie</subfield>
   <subfield code="g">Berlin</subfield>
   <subfield code="e">VeranstalterIn</subfield>
   <subfield code="0">(DE-588)5014401-7</subfield>
   <subfield code="0">(DE-627)102838984</subfield>
   <subfield code="0">(DE-576)193515156</subfield>
   <subfield code="4">orm</subfield>
  </datafield>
  <datafield tag="776" ind1="0" ind2="8">
   <subfield code="i">Erscheint auch als</subfield>
   <subfield code="n">CD-ROM-Ausgabe</subfield>
   <subfield code="t">Nationalgalerie Berlin - Kunst in der DDR</subfield>
   <subfield code="d">Berlin : Staatliche Museen zu Berlin - Preußischer Kulturbesitz, 2003</subfield>
   <subfield code="h">1 CD-ROM</subfield>
   <subfield code="w">(DE-627)1600886078</subfield>
   <subfield code="w">(DE-576)108235157</subfield>
   <subfield code="z">386502081X</subfield>
  </datafield>
  <datafield tag="787" ind1="0" ind2="8">
   <subfield code="i">Rezensiert in</subfield>
   <subfield code="a">Feist, Peter H., 1928 - 2015</subfield>
   <subfield code="t">[Rezension von: Nationalgalerie Berlin, Kunst in der DDR - Eugen Blume (Hrsg.), Kunst in der DDR]</subfield>
   <subfield code="d">Regensburg : Schnell und Steiner, 2003</subfield>
   <subfield code="w">(DE-627)155327296X</subfield>
   <subfield code="w">(DE-576)483272965</subfield>
  </datafield>
  <datafield tag="856" ind1="4" ind2="2">
   <subfield code="u">http://www.gbv.de/dms/weimar/toc/367462001_toc.pdf</subfield>
   <subfield code="m">DE-601</subfield>
   <subfield code="q">application/pdf</subfield>
   <subfield code="3">Inhaltsverzeichnis</subfield>
  </datafield>
  <datafield tag="889" ind1=" " ind2=" ">
   <subfield code="w">(DE-627)36509093X</subfield>
  </datafield>
  <datafield tag="889" ind1=" " ind2=" ">
   <subfield code="w">(DE-627)1907510680</subfield>
  </datafield>
  <datafield tag="935" ind1=" " ind2=" ">
   <subfield code="i">Blocktest</subfield>
  </datafield>
  <datafield tag="936" ind1="r" ind2="v">
   <subfield code="a">LH 30790</subfield>
   <subfield code="b">Berlin</subfield>
   <subfield code="k">Kunstgeschichte</subfield>
   <subfield code="k">Allgemeines. Allgemeine Kunstgeschichte</subfield>
   <subfield code="k">Museumskunde. Museumskataloge</subfield>
   <subfield code="k">Kataloge einzelner Museen; Schrifttum über einzelne Museen</subfield>
   <subfield code="k">Orte B</subfield>
   <subfield code="k">Berlin</subfield>
   <subfield code="0">(DE-627)1270638157</subfield>
   <subfield code="0">(DE-625)rvk/92989:</subfield>
   <subfield code="0">(DE-576)200638157</subfield>
  </datafield>
  <datafield tag="936" ind1="r" ind2="v">
   <subfield code="a">LK 10350</subfield>
   <subfield code="b">allgemein</subfield>
   <subfield code="k">Kunstgeschichte</subfield>
   <subfield code="k">Kunst nach Ländern bzw. Kontinenten</subfield>
   <subfield code="k">Deutschland</subfield>
   <subfield code="k">Deutsche Kunstgeschichte einzelner Epochen</subfield>
   <subfield code="k">Deutsche Kunstgeschichte der Neuzeit</subfield>
   <subfield code="k">19., 20.  und 21. Jahrhundert</subfield>
   <subfield code="k">20. Jahrhundert</subfield>
   <subfield code="k">allgemein</subfield>
   <subfield code="0">(DE-627)1270637029</subfield>
   <subfield code="0">(DE-625)rvk/97500:13104</subfield>
   <subfield code="0">(DE-576)200637029</subfield>
  </datafield>
  <datafield tag="936" ind1="r" ind2="v">
   <subfield code="a">LK 10357</subfield>
   <subfield code="b">Kunst nach 1945 (verschiedene Richtungen)</subfield>
   <subfield code="k">Kunstgeschichte</subfield>
   <subfield code="k">Kunst nach Ländern bzw. Kontinenten</subfield>
   <subfield code="k">Deutschland</subfield>
   <subfield code="k">Deutsche Kunstgeschichte einzelner Epochen</subfield>
   <subfield code="k">Deutsche Kunstgeschichte der Neuzeit</subfield>
   <subfield code="k">19., 20.  und 21. Jahrhundert</subfield>
   <subfield code="k">20. Jahrhundert</subfield>
   <subfield code="k">Kunst nach 1945 (verschiedene Richtungen)</subfield>
   <subfield code="0">(DE-627)1270636146</subfield>
   <subfield code="0">(DE-625)rvk/97500:13111</subfield>
   <subfield code="0">(DE-576)200636146</subfield>
  </datafield>
  <datafield tag="936" ind1="b" ind2="k">
   <subfield code="a">20.00</subfield>
   <subfield code="j">Kunstwissenschaften: Allgemeines</subfield>
   <subfield code="0">(DE-627)106406493</subfield>
  </datafield>
  <datafield tag="936" ind1="b" ind2="k">
   <subfield code="a">20.70</subfield>
   <subfield code="j">Europäische Kunst: Allgemeines</subfield>
   <subfield code="0">(DE-627)106406566</subfield>
  </datafield>
  <datafield tag="936" ind1="b" ind2="k">
   <subfield code="a">15.43</subfield>
   <subfield code="j">Deutsche Geschichte des 19. Jahrhunderts bis zur Gegenwart</subfield>
   <subfield code="0">(DE-627)181569701</subfield>
  </datafield>
  <datafield tag="936" ind1="b" ind2="k">
   <subfield code="a">21.50</subfield>
   <subfield code="j">Bildhauerei: Allgemeines</subfield>
   <subfield code="0">(DE-627)106421794</subfield>
  </datafield>
  <datafield tag="936" ind1="b" ind2="k">
   <subfield code="a">21.00</subfield>
   <subfield code="j">Malerei: Allgemeines</subfield>
   <subfield code="0">(DE-627)10640671X</subfield>
  </datafield>
  <datafield tag="951" ind1=" " ind2=" ">
   <subfield code="a">BO</subfield>
  </datafield>
  <datafield tag="990" ind1=" " ind2=" ">
   <subfield code="a">Nationalgalerie</subfield>
  </datafield>
  <datafield tag="990" ind1=" " ind2=" ">
   <subfield code="a">Deutschland</subfield>
  </datafield>
  <datafield tag="990" ind1=" " ind2=" ">
   <subfield code="a">Malerei</subfield>
  </datafield>
  <datafield tag="990" ind1=" " ind2=" ">
   <subfield code="a">Geschichte</subfield>
  </datafield>
  <datafield tag="990" ind1=" " ind2=" ">
   <subfield code="a">Nationalgalerie</subfield>
  </datafield>
  <datafield tag="990" ind1=" " ind2=" ">
   <subfield code="a">Deutschland</subfield>
  </datafield>
  <datafield tag="990" ind1=" " ind2=" ">
   <subfield code="a">Plastik</subfield>
  </datafield>
  <datafield tag="990" ind1=" " ind2=" ">
   <subfield code="a">Geschichte</subfield>
  </datafield>
  <datafield tag="990" ind1=" " ind2=" ">
   <subfield code="a">Nationalgalerie</subfield>
  </datafield>
  <datafield tag="990" ind1=" " ind2=" ">
   <subfield code="a">Deutschland</subfield>
  </datafield>
  <datafield tag="990" ind1=" " ind2=" ">
   <subfield code="a">Malerei</subfield>
  </datafield>
  <datafield tag="990" ind1=" " ind2=" ">
   <subfield code="a">Geschichte</subfield>
  </datafield>
  <datafield tag="990" ind1=" " ind2=" ">
   <subfield code="a">Katalog</subfield>
  </datafield>
  <datafield tag="990" ind1=" " ind2=" ">
   <subfield code="a">Nationalgalerie</subfield>
  </datafield>
  <datafield tag="990" ind1=" " ind2=" ">
   <subfield code="a">Deutschland</subfield>
  </datafield>
  <datafield tag="990" ind1=" " ind2=" ">
   <subfield code="a">Plastik</subfield>
  </datafield>
  <datafield tag="990" ind1=" " ind2=" ">
   <subfield code="a">Geschichte</subfield>
  </datafield>
  <datafield tag="990" ind1=" " ind2=" ">
   <subfield code="a">Katalog</subfield>
  </datafield>
  <datafield tag="991" ind1=" " ind2=" ">
   <subfield code="a">Rezensiertes Werk</subfield>
  </datafield>
  <datafield tag="999" ind1=" " ind2=" ">
   <subfield code="a">KXP-PPN367462001</subfield>
   <subfield code="e">4129525239</subfield>
  </datafield>
 </record>
</collection>
